• 首页
  • 本馆介绍
  • 公告通知
  • 最新文献
  • 馆藏检索
  • 电子资源
  • 读者导购
  • 参考咨询
  • 我的图书馆
  • 登录
  • 详细信息显示
  • 放入我的书架
  • 预约/预借图书
  • 作者相关作品
  • 分类相关作品
  • 丛书相关作品
  • 出版社相关作品

书目信息

  • 表格格式
  • 工作单格式
  • 卡片格式
题名:
硬质合金的生产
    
 
作者: ;株洲硬质合金厂 著
分册:  
出版信息: 北京   冶金工业出版社  1974
页数: 578页
开本: 20cm
丛书名:
单 册:
中图分类: TF125
科图分类:
主题词: 硬质合金-合金分析 , 合金分析-硬质合金 , 粉末冶金
电子资源:
ISBN:
000 00755nam 2200241 45
001 0190007477
005 20060508161515.85
010    @dCNY2.50
100    @a19901206d1974 km y0chiy0121 ea
101 1  @achi@crus
102    @aCN@b110000
105    @ay z 000yy
200 10 @a硬质合金的生产@Aying zhi he jin de sheng chan@f株洲硬质合金厂著@Fzhu zhou ying zhi he jin chang zhu
210    @a北京@c冶金工业出版社@d1974
215    @a578页@d20cm
540 1  @a硬质 合金 强度 寿命@AYING ZHI HE JIN QIANG DU SHOU MING
606    @a硬质合金-合金分析
606    @a合金分析-硬质合金
606 0  @a粉末冶金
690    @aTF125@v4
711  0 @a株洲硬质合金厂@Azhu zhou ying zhi he jin chang@4著
801  0 @aCN@bTSSF@c20060508
905    @a10447@dTF125@e3
    
    硬质合金的生产/株洲硬质合金厂著.-北京:冶金工业出版社,1974
    578页;20cm
    
    
    ISBN :CNY2.50
    
●
相关链接 在E读中查询图书 在五车中查询图书 在当当中查询图书 在豆瓣中查询图书


正题名:硬质合金的生产     索取号:TF125/3         预约/预借

序号 登录号 条形码 馆藏地/架位号 状态 备注
1 0017596   202314977   密集书库/ [索取号:TF125/3] 在馆    
唐山师范学院图书馆 欢迎您!
大连网信软件有限公司© 版权所有